2 Hold U - Clairo (Lyrics) - Statistics

General Stats
  • This quiz has been taken 2 times
  • The average score is 69 of 86
Answer Stats
Answer % Correct
a
100%
along
100%
crime
100%
down
100%
friends
100%
get
100%
hold
100%
hold
100%
i
100%
i
100%
i
100%
i
100%
i
100%
i
100%
i
100%
i
100%
i
100%
i
100%
i
100%
i
100%
i'm
100%
i'm
100%
i'm
100%
is
100%
is
100%
it
100%
it
100%
just
100%
just
100%
know
100%
me
100%
mom
100%
my
100%
my
100%
my
100%
that
100%
that
100%
to
100%
to
100%
to
100%
told
100%
told
100%
told
100%
too
100%
too
100%
tryin'
100%
wanna
100%
wanna
100%
wanna
100%
want
100%
want
100%
we
100%
wrote
100%
you?
100%
you
100%
you
100%
you
100%
you
100%
you
100%
you
100%
you
100%
you
100%
you
100%
you
100%
heart
50%
kiss
50%
love
50%
love
50%
much
50%
ready
50%
then
50%
think
50%
touch
50%
why
50%
and
0%
don't
0%
everywhere
0%
fingers
0%
go
0%
hurting?
0%
hurting?
0%
if
0%
in
0%
interlocking
0%
see
0%
see
0%
No matching quizzes found
Score Distribution
Percent of People with Each Score
Percentile by Number Answered
Your Score History
You have not taken this quiz